| 000 | 01104cam a2200337 i 4500 | ||
|---|---|---|---|
| 001 | 200452645 | ||
| 003 | TR-AnTOB | ||
| 005 | 20250731144659.0 | ||
| 007 | ta | ||
| 008 | 180703s1987 tu 000 0 tur d | ||
| 040 |
_aBGZ _beng _erda _cBGZ |
||
| 041 | _atur | ||
| 049 | _aBGZA | ||
| 050 | 0 | 0 |
_aHG4513 _b.K84 1987 |
| 090 |
_aTOBBK HG4513 _b.K84 1987 |
||
| 100 | 1 |
_aKüey, Ahmet _9149575 |
|
| 245 | 1 | 0 |
_aBorsa ansiklopedisi : _bbütün yönleriyle ticaret borsaları / _cAhmet Küey. |
| 246 | 3 | 0 | _aBütün yönleriyle ticaret borsaları |
| 264 | 1 |
_aİzmir : _bİzmir Ticaret Borsası Yayınları, _c1987. |
|
| 300 |
_a242 pages, [1] leaf of plates : _billustrations ; _c24 cm. |
||
| 336 |
_atext _btxt _2rdacontent |
||
| 337 |
_aunmediated _bn _2rdamedia |
||
| 338 |
_avolume _bnc _2rdacarrier |
||
| 490 | 1 | _aİzmir Ticaret Borsası Yayınları No: 32 | |
| 650 | 0 |
_aMenkul değerler borsası _zTürkiye _984154 |
|
| 710 | 2 |
_aİzmir Ticaret Borsası _927477 |
|
| 830 | 0 |
_aİzmir Ticaret Borsası yayınları ; _no. 32. |
|
| 942 |
_2z _cBK |
||
| 999 |
_c200452645 _d70857 |
||